Prikladnaja teorija cifrovych avtomatov /

Salvato in:
Dettagli Bibliografici
Autore principale: Saveliev, Aleksandr Jakovlevič (Autore)
Natura: Libro
Lingua:russo
Pubblicazione: Moskva : Vyšča škola, 1987
Tags: Aggiungi Tag
Nessun Tag, puoi essere il primo ad aggiungerne!!

MARC

LEADER 00000nam a22000003a 4500
001 stu1697
005 20150617225624.5
008 920525s1987----xxr-----------------rus-d
040 |a STU  |b slo 
041 0 |a rus 
044 |a xxr 
080 |a 681.32.04  |7 stu_us_auth*stu16955 
100 1 |a Saveliev, Aleksandr Jakovlevič  |4 aut 
245 1 |a Prikladnaja teorija cifrovych avtomatov /  |c [aut.] Saveliev,Aleksandr Jakovlevič 
260 |a Moskva :  |b Vyšča škola,  |c 1987 
300 |a 271 s 
996 |c I*3S4205  |l I  |s A  |a 24  |w stu1697_0001